| 000 | 00881nam a22002417a 4500 | ||
|---|---|---|---|
| 005 | 20250409154311.0 | ||
| 008 | 250409b |||||||| |||| 00| 0 eng d | ||
| 020 | _a978-1-66696-286-4 (hbk) | ||
| 037 | _cTB | ||
| 040 |
_aCRL _cCRL |
||
| 041 |
_2eng _aeng |
||
| 084 |
_aR4,(W87) R4 _qCRL |
||
| 245 |
_aAhimsa in the Indic traditions: _bExplorations and reflections |
||
| 260 |
_aLanham, Maryland: _bLexington Books, _c2024. |
||
| 300 | _avi, 207p. | ||
| 365 |
_b85.00 _cUKP |
||
| 490 | _aExploration in Indic traditions: Theological, ethical, and philosophical | ||
| 650 | _aEthics | ||
| 700 |
_aLong, Jeffery D. (Editor) _9752051 |
||
| 700 |
_aRosen, Steven J. (Editor) _9752052 |
||
| 942 |
_2CC _cTB _hR4,(W87) R4 _n0 |
||
| 999 |
_c1308622 _d1308622 |
||